By the King, a proclamation for the putting in execution the laws and statutes of this realm, for the preventing the exportation of sheep, : wooll, wooll-fells, woollen-yarn, mortlings, shorlings, wooll-flocks, fullers-earth, and fulling-clay out of this kingdom.

Bibliographic Details
Corporate Author: England and Wales. Sovereign (1685-1688 : James II)
Other Authors: James II, King of England, 1633-1701
Format: eBook
Language:English
Published: London : printed by Charles Bill, Henry Hills, and Thomas Newcomb, printers to the King's most excellent Majesty, 1688.
Series:Early English books online.
Subjects:
Online Access:Connect to the full text of this electronic book

MARC

Tag First Indicator Second Indicator Subfields
LEADER 00000nam a2200000 4500
001 in00004193003
005 20200806082904.0
006 m g d
007 cr bn |||a|bb|
008 860128s1688 enk o o00 eng d
035 |a (OCoLC)13070939 
035 |a (UnM)99889221 
037 |a CL2105000001  |b ProQuest Information and Learning. 300 N. Zeeb Rd., Ann Arbor, MI 48106 
040 |a Cu-RivES  |c Cu-RivES  |d CStRLIN  |d Cu-RivES  |e dcrb 
110 1 |a England and Wales.  |b Sovereign (1685-1688 : James II) 
245 1 0 |a By the King, a proclamation for the putting in execution the laws and statutes of this realm, for the preventing the exportation of sheep, :  |b wooll, wooll-fells, woollen-yarn, mortlings, shorlings, wooll-flocks, fullers-earth, and fulling-clay out of this kingdom. 
246 2 |a Proclamation for the putting in execution the laws and statutes of this realm, for the preventing the exportation of sheep 
260 |a London :  |b printed by Charles Bill, Henry Hills, and Thomas Newcomb, printers to the King's most excellent Majesty,  |c 1688. 
300 |a 1 online resource (1 sheet ([1] pages). 
336 |a text  |b txt  |2 rdacontent 
337 |a computer  |b c  |2 rdamedia 
338 |a online resource  |b cr  |2 rdacarrier 
500 |a "Notwithstanding the law on the subject and the proclamations of Charles II, and Jas. II, ... this trade is carried on with armed companies of men, who convey wool out of the kingdom, beat off customs officers, and rescue goods seized by them. No sheep, wool, wool-fells, ... is to be exported into Scotland or elsewhere, on pain of the severest penalties." -- Steele. 
500 |a At end of text: Given at our court at Whitehall the sixth day of April 1688. In the fourth year of our reign. 
500 |a Steele notation: Arms 102a Statutes the Execution. 
500 |a Reproduction of original in the British Library. 
510 4 |a Wing (2nd edition)  |c J356 
510 4 |a Steele  |c I, 3863 
510 4 |a Early English books tract supplement interim guide  |c 21.h.3[30] 
533 |a Electronic reproduction.  |b Ann Arbor, Mich. :  |c UMI,  |d 1999-  |f (Early English books online)  |n Digital version of: (Early English books; Tract supplement C24:1[30])  |7 s1999 miun s 
650 0 |a Wool industry  |x Law and legislation  |z England  |v Sources  |v Early works to 1800. 
700 0 |a James  |b II,  |c King of England,  |d 1633-1701. 
830 0 |a Early English books online. 
856 4 0 |u http://proxy.library.tamu.edu/login?url=https://search.proquest.com/docview/2240920912  |z Connect to the full text of this electronic book  |t 0 
999 f f |s b5cebd50-8704-3ccf-8266-d56049903260  |i a69722dd-b3b9-3abb-ad33-abcdd1e504d2  |t 0 
952 f f |a Texas A&M University  |b College Station  |c Electronic Resources  |d Available Online  |t 0  |h No information provided 
998 f f |t 0  |l Available Online